MDQL
is popping MORE tags! Check the
thread
!
Quizzes
Events
Quiz Creation
Community
Videos
Private Events
Remove Ads
Sign In
Join for FREE
Feedback
Dark Mode
Quiz Categories
Sports
Geography
Music
Movies
Television
Just For Fun
Miscellaneous
History
Literature
Language
Science
Gaming
Entertainment
Religion
Holiday
For Kids
Quiz Lab
Recent
Popular Today
Quiz Kudos Today
Editor Picks
Curator Picks
Quizzes by...
Day
Popularity
Type
Ratings
Length
Year
Community
Subscriptions
Recent Discussions
Orange Saloon
Badges
Playlists
Quests
Create
Leaderboards
Showdown
Live 5
Trivia Bingo
Activity
Puzzle Library
Sporcle Events
Private Events
Virtual Trivia
Globe League
Become a Host
Pub Owners
SporcleCon
Opinionation
Our Games
Videos
Blog
Mobile Apps
Partnerships
Remove Ads and Go Orange
Feedback
Movies
Disney
Marvel Cinematic Universe
Movie Resume
Movie Titles
Oscar
Actor
Actress
Director
Pixar
Role
Movie Quotes
Movie Characters
Box Office
Nominee
Best Picture
Star Wars
James Bond
Horror Movies
Movies
Disney
Marvel Cinematic Universe
Movie Resume
Movie Titles
Oscar
Actor
Actress
Director
Pixar
Role
Movie Quotes
Movie Characters
Box Office
Nominee
Best Picture
Star Wars
James Bond
Horror Movies
Random Quiz
Search Sporcle
×
Quiz Lab
Quiz Lab
Movies
Star Wars
Type in answers that appear in a list
Type in answers that appear in a list
Classic
Best Score? Go Orange.
'You Will Try' Stats
Can you fill in these words in the scene on Mustafar before Obi-Wan and Anakin duel in Episode III?
By
jasminefleur
7m
130 Questions
693 Plays
693 Plays
693 Plays
Comments
Comments
Give Quiz Kudos
Give Quiz Kudos
-
- Ratings
hide this ad
More Info
Replay
Link that replays current quiz
Next Quiz
Link to next quiz in quiz playlist
You Got
0%
They Got
Avg Score
82%
Avg Friend Score
Upgrade to see
Score Distribution
Jump to the score distribution portion of the page
Score
0/130
Timer
07:00
0
Plays Today
% Correct
and
98%
the
98%
the
98%
the
98%
the
98%
and
98%
the
98%
a
98%
You
97.5%
You
97.5%
You
97.5%
You
97.5%
you
97.5%
you
97.5%
you
97.5%
you.
97.5%
You
97.5%
I
95.2%
I
95.2%
I
95.2%
I
95.2%
I
95.2%
done
92.4%
done
92.4%
have
92.1%
have
92.1%
have
92.1%
have
92.1%
do
92.1%
do.
92.1%
have
92.1%
do
92.1%
me!
91.6%
me!
91.6%
me
91.6%
me
91.6%
me,
91.6%
will
91.2%
will
91.2%
will
91.2%
Your
90.9%
your
90.9%
your
90.9%
Your
90.9%
% Correct
her
89.9%
her
89.9%
her
89.9%
to
87.9%
to
87.9%
to
87.9%
to
87.9%
to
87.9%
that
87.2%
that.
87.2%
not
87%
not
87%
not
87%
yourself.
86.9%
against
85.7%
try.
85.7%
turned
85.3%
go.
85.1%
Anakin,
84.8%
Let
84.7%
my
83.8%
my
83.8%
my
83.8%
from
83%
for
82.8%
what
82.7%
take
82.1%
must.
81.7%
power
81.5%
Don't
81.1%
Don't
81.1%
kill
80.1%
Sith
79.8%
Jedi.
79.5%
empire!
78.2%
empire?!
78.2%
Republic,
77.9%
is
77.8%
make
77.5%
in
77.5%
already
77.3%
new
77.3%
new
77.3%
Dark
76.9%
% Correct
dark
76.9%
If
76.8%
with
76.8%
brought
76.3%
lust
76%
then
75.8%
democracy!
75.6%
you're
75.6%
you're
75.6%
enemy.
75.6%
peace,
75.5%
Only
74%
side
73%
anger
72.3%
deals
72%
absolutes.
71.4%
Obi-Wan.
71.3%
as
70.6%
justice,
70.3%
of
70.1%
allegiance
70.1%
fear
68.7%
Lord
68.5%
lies
67.8%
destroy.
67.5%
see
67.4%
thing
67.2%
become
67%
this
66.2%
very
66.2%
swore
65.8%
lecture
65.8%
mind
65.7%
allowed
64.9%
through
64.1%
freedom,
62.6%
twist
61.5%
security
60.6%
now...
60.3%
now
60.3%
until
58.4%
until
58.4%
Quiz Playlist
Details
Report
Send in Message
Add To Playlist
More Info:
The quiz starts when Anakin releases Padme and finishes when Obi-Wan and Anakin start their duel!
Classic:
Type in answers that appear in a list
Last Updated: Feb 16, 2017
Quiz Scoreboard
CHALLENGE
Sign Up to Join the Scoreboard
Show All
Scores
Hide
Comments
May contain spoilers
Recently Published
Street Fighter Characters
by Artimus82
Gaming
60s
9x9 Crossword: Cartoon Network
by jackfrog10
Miscellaneous
3m
College Basketball Coaching Resumes
by pancakes188
Sports
9m
More to Explore
Quiz From the Vault
Featured Blog Post
Where Did the Easter Bunny Come From?
hide this ad
You Might Also Like...
Tags
Lyrics Quiz
Missing Word Quiz
Star Wars Quiz
Anakin Skywalker
Dark Side
Darth Vader
duel
Jedi Sith
Lightsaber
Missing Lyrics
Revenge
Sith Lords
Today's Top Quizzes in Movies
Browse Movies
hide this ad
Today's Top Quizzes in Star Wars
Browse Star Wars
Top Contributed Quizzes in Movies
1
Pick 5 Posters: Directed by Spielberg
2
7-to-1: Pixar Characters
3
Hidden Star Wars Character II
4
Pick 5 Posters: Lowest-Rated Spielberg
5
Sorting Actors
6
Sorting Actresses
7
Hidden Star Wars Character III
8
Pick 5 Posters: Directed by Scorsese
9
Hidden Star Wars Character IV
10
Pick 5 Posters: Star & Director
Explore More
Trending Topics
Crossword
Marvel
Harry Potter
Anime
Disney
NBA
Kpop
Country
Song
WWE
Soccer
NFL
Puzzle
Pokémon
The Office
hide this ad
More By:
jasminefleur
Quiz
Plays
Rating
Category
Featured
Created
'You Were The Chosen One'
1,367
4.86
Movies
Dec 27, 2014
'I Am Your Father'
921
5.00
Movies
Dec 25, 2014
'You Will Try'
693
4.40
Movies
Dec 27, 2014
Go to Creator's Profile
Score Distribution
Quiz Creator Spotlight
jasminefleur
Follow
Send a Message
Quizzes Created
-
Created Quiz Play Count
-
More By This Creator
Popular Quizzes Today
1
Find the US States - No Outlines Minefield
2
Find the Countries of Europe - No Outlines Minefield
3
The Countries of the World
4
Find the US States
5
Risky Map Clicking: Biggest States A-Z
6
US States
7
Popular People in 1961
8
Movies - When Are They Set?
More Movies Quizzes
Movie Cast Match (2007)
Published
Trending Quizzes
Risky Map Clicking: Least Populous States A-Z
Countries of the World: 200 Million BC
1-10 Letter G Words
Risky Map Clicking: Next State Alphabetically
Adjectives in 80s TV Shows
Recently Updated
Leaping Animals
pecheneg
Reality TV Shows (A-Z)
bhenderson79
Rickey Henderson's Hall of Fame Teammates
pecheneg
Champions League XIs: Arsenal
pecheneg
Quick Pick: Celebrities in WWE's Hall of Fame
aduchscher
A-Z Keypad Blitz II
pecheneg
Multiple Oscar Actors
pecheneg
Mystery Phrase Blitz: Oscar 'Best Actors'
pecheneg
F. Scott Fitzgerald Novels
LTH
Pick 3 Villains
ddd62291
Trending Topics
Disney
Crossword
NBA
Anime
Kpop
Marvel
Harry Potter
Song
WWE
Country
The Office
Soccer
NFL
Puzzle
Pokémon
Your Account Isn't Verified!
In order to create a playlist on Sporcle, you need to verify the email address you used during registration. Go to your
Sporcle Settings
to finish the process.
Report this User
Report this user for behavior that violates our
Community Guidelines
.
Details:
Send Report
Go to the Sporcle.com Mobile Site →
Comments